Quizzes
Events
Quiz Creation
Community
Videos
Private Events
Remove Ads
Sign In
Join for FREE
Feedback
Dark Mode
Quiz Categories
Sports
Geography
Music
Movies
Television
Just For Fun
Miscellaneous
History
Literature
Language
Science
Gaming
Entertainment
Religion
Holiday
For Kids
Quiz Lab
Recent
Popular Today
Quiz Kudos Today
Editor Picks
Curator Picks
Quizzes by...
Day
Popularity
Type
Ratings
Length
Year
Community
Subscriptions
Recent Discussions
Orange Saloon
Badges
Playlists
Quests
Create
Leaderboards
Showdown
Live 5
Trivia Bingo
Activity
Puzzle Library
Sporcle Events
Private Events
Virtual Trivia
Globe League
Become a Host
Pub Owners
SporcleCon
Opinionation
Our Games
Videos
Blog
Mobile Apps
Partnerships
Remove Ads and Go Orange
Feedback
Science
Computer
Plants
Astronomy
Chemistry
Elements
Math
Animal
Physics
Anatomy
Biology
Geology
General Science
Science
Computer
Plants
Astronomy
Chemistry
Elements
Math
Animal
Physics
Anatomy
Biology
Geology
General Science
Random Quiz
Search Sporcle
×
Quiz Lab
Quiz Lab
Science
Order
Type in answers that appear in a list
Type in answers that appear in a list
Classic
Best Score? Go Orange.
Shark Orders Stats
Can you name the Shark Orders(Common Names)?
By
Nhoj2244
3m
10 Questions
4 Plays
4 Plays
4 Plays
Comments
Comments
Give Quiz Kudos
Give Quiz Kudos
-
- Ratings
hide this ad
More Info
Replay
Link that replays current quiz
Next Quiz
Link to next quiz in quiz playlist
You Got
0%
They Got
Avg Score
77%
Avg Friend Score
Upgrade to see
Score Distribution
Jump to the score distribution portion of the page
Score
0/10
Timer
03:00
0
Plays Today
Species
Order(Common Name)
% Correct
Lemon Shark
Ground Sharks
100%
Deep Ocean; Sixgill Shark
Cow Sharks
100%
Shortnose Sawshark
Saw Sharks
100%
Flattened bodies; Sand Devil
Angel Sharks
75%
Rocky Reefs; Horn Shark
Bullhead Sharks
75%
Pygmy Shark
Dogfish Sharks
75%
Bottom dwellers; Wobbegong
Carpet Sharks
75%
Great White
Mackerel Sharks
75%
Prickly Shark
Bramble Sharks
50%
Frilled Shark
Frilled Sharks
50%
Quiz Playlist
Details
Report
Send in Message
Add To Playlist
More Info:
Name all the Orders of Sharks by common name. Remember it goes; Class, Order, Family, Species.
Classic:
Type in answers that appear in a list
Quiz Source
Last Updated: Feb 16, 2017
Quiz Scoreboard
CHALLENGE
Sign Up to Join the Scoreboard
Show All
Scores
Hide
Comments
May contain spoilers
Recently Published
Decade Duel: World Leaders
by jenniferyan
History
4m
Alphabetical 'K' Countries by Flag Minefield
by ylime102
Geography
3m
Pick 6: Fruits
by JohnFran
Miscellaneous
15s
More to Explore
Quiz From the Vault
Featured Blog Post
15 Basketball Trivia Facts You Can Be March Mad About
hide this ad
You Might Also Like...
Tags
Order
shark
Today's Top Quizzes in Science
Browse Science
hide this ad
Today's Top Quizzes in Order
Browse Order
Top Contributed Quizzes in Science
1
Pick 6: Animals
2
Find the Spring Animals
3
Group Clicking: Animals II
4
The First 100 Digits of Pi
5
Flowers by Accent Chairs
6
Why is the sky blue? And other physics questions.
7
Square Numbers Scrambled (1-50)
8
Needlepoint Flowers
9
Needlepoint Flowers II
10
what months are considered part of the spring season/us
Explore More
Trending Topics
Disney
Marvel
NBA
Harry Potter
Crossword
Kpop
Anime
WWE
Pokémon
Puzzle
Country
NFL
Soccer
The Office
Song
hide this ad
More By:
Nhoj2244
Quiz
Plays
Rating
Category
Featured
Created
Shark Orders
4
Science
Jun 15, 2013
Go to Creator's Profile
Score Distribution
Quiz Creator Spotlight
Nhoj2244
Follow
Send a Message
Quizzes Created
-
Created Quiz Play Count
-
More By This Creator
Popular Quizzes Today
1
Countries of Asia Without Outlines Minefield
2
Find the US States - No Outlines Minefield
3
Pick 6: Fruits
4
Alphabetical 'K' Countries by Flag Minefield
5
The Countries of the World
6
Find the Countries of Europe - No Outlines Minefield
7
Find the US States
8
US States
More Science Quizzes
Triangular Numbers
Published
Trending Quizzes
Pick 6: Mountains
Pick 6: Harry Potter
Pick 6: Flags
Pick 6: NFL Teams
Pick 6: Movie Franchises
Recently Updated
NWSL Teams
pecheneg
Women's Final Four Teams by Year
bhenderson79
Presidents Quartet II
eogle
Anything But Clue(do)
eogle
Anything But Oceanian Capitals
eogle
Anything But 7
eogle
Anything But Thing
eogle
Word Ladder: February 29
pecheneg
Song Title Questions
pecheneg
Women's NCAA Tournament #1 Seeds
pecheneg
Trending Topics
Crossword
NBA
Disney
Harry Potter
Marvel
Kpop
Anime
Country
The Office
Pokémon
Puzzle
Song
Soccer
WWE
NFL
Your Account Isn't Verified!
In order to create a playlist on Sporcle, you need to verify the email address you used during registration. Go to your
Sporcle Settings
to finish the process.
Report this User
Report this user for behavior that violates our
Community Guidelines
.
Details:
Send Report
Go to the Sporcle.com Mobile Site →
Comments